Everything About Bananas - Statistics

General Stats
  • This quiz has been taken 8 times
  • The average score is 4 of 15
Answer Stats
Hint Answer % Correct
What country produces the most bananas globally? India
67%
What fruit is so-called a "cooking banana?" Plantain
67%
What color is a banana? Yellow
67%
What kind of fruit are bananas? Berries
50%
What animals are typically associated with bananas? Monkeys
50%
What is the main type of banana grown globally? Cavendish
33%
Around how many bananas would it take to kill you through radiation poisoning? 100,000,000
17%
How long was the largest banana ever (cm)? 30
17%
How would you describe the shape of a banana? Crescent
17%
What country consumes the most bananas per capita? Uganda
17%
A rope over the top of a fence has the same length on each side, and weighs one-third of a pound per foot. On one end hangs a monkey holding a banana, and on the other end a weight equal to the weight of the monkey. The banana weighs 2 ounces per inch. The length of the rope in feet is the same as the age of the monkey, and the weight of the monkey in ounces is as much as the age of the monkey's mother. The combined ages of the monkey and its mother are 30 years. One-half the weight of the monkey, plus the weight of the banana is one-fourth the sum of the weights of the rope and the weight. The monkey's mother is one-half as old as the monkey will be when it is three times as old as its mother was when she was one-half as old as the monkey will be when it is as old as its mother will be when she is four times as old as the monkey was when it was twice as old as its mother was when she was one-third as old as the monkey was when it was as old as its mother was when she was three times as old as the monkey was when it was one-fourth as old as it is now. How long is the banana? 5.75 inches
0%
What kind of banana was this? Giant Highland Banana
0%
____ Disease is a contagious fungus threatening to decimate the banana tree population (hint: it's the name of a country) Panama
0%
Where were bananas first domesticated? Papua New Guinea
0%
What radioactive isotope is found in bananas? Potassium 40
0%
No matching quizzes found
Score Distribution
Percent of People with Each Score
Percentile by Number Answered
Your Score History
You have not taken this quiz